000 00743nam a2200253 i 4500
001 97292
003 ES-MaACL
005 20250825001607.0
007 t|
008 050708s1953 sp |||| | spa d
040 _cES-MaACL
080 _a002
080 _a655.42-051
100 1 _aMarañón, Gregorio,
_d1887-1960
_976311
_eaut
245 1 3 _aEl libro y el librero :
_b(en la fiesta de los libreros de Madrid) /
_cGregorio Marañón.
260 _aMadrid :
_bEspasa-Calpe,
_c1953.
300 _a30 páginas ;
_c18 cm.
650 0 7 _aLibros
_2embne
_914428
650 4 _aLibreros.
_9162679
852 _aES-MaACL
_cDEPOF
_j1953-F-11
942 _cFOLLETOS
_n0
999 _c97292
_d97292